A Critical review of odor control equipment for toxic air emissions reduction
I tiakina i:
| Ngā kaituhi matua: | , , , , , |
|---|---|
| Hōputu: | Pukapuka |
| Reo: | Ingarihi |
| I whakaputaina: |
Alexandría
Water Environment Federation
1996
|
| Rangatū: | Project, 91 Voc, 2
|
| Ngā marau: | |
| Ngā Tūtohu: |
Tāpirihia he Tūtohu
Kāore He Tūtohu, Me noho koe te mea tuatahi ki te tūtohu i tēnei pūkete!
|
MARC
| LEADER | 00000nam a2200000 a 4500 | ||
|---|---|---|---|
| 001 | UCT8369 | ||
| 003 | CL-VaPUC | ||
| 008 | 970326e19960000us |||||||||||||||||eng|d | ||
| 082 | 0 | 4 | |a 363.739 |b WAL |2 21 |
| 100 | 0 | |a Wallis, Michael |e author |9 380073 | |
| 700 | 0 | |a Witherspoon, Jay |e author |9 380074 | |
| 700 | 0 | |a Suzuki, Susan |e author |9 380075 | |
| 700 | 0 | |a Card, Thomas R |e author |9 380076 | |
| 700 | 0 | |a Mayer, Glenn |e author |9 380077 | |
| 700 | 0 | |a Chang, Daniel P. Y |e author |9 380078 | |
| 245 | 1 | 2 | |a A Critical review of odor control equipment for toxic air emissions reduction |
| 300 | |a pág. irreg | ||
| 942 | |c BK | ||
| 945 | |d 19970326 00:00:00 |a nastorga | ||
| 260 | |a Alexandría |b Water Environment Federation |c 1996 | ||
| 650 | 0 | |a Contaminación del aire |9 255745 | |
| 650 | 0 | |a Tecnología |9 256742 | |
| 650 | 0 | |a Química |9 259896 | |
| 650 | 0 | |a Investigación |9 257811 | |
| 583 | |a last modification |c 20171221 01:25:44 |k Rodrigo Vera | ||
| 490 | 0 | |a Project, 91 Voc, 2 | |
| 999 | |c 256876 |d 256874 | ||
| 952 | |0 0 |1 0 |4 0 |6 363_739000000000000_WAL_1996 |7 0 |8 A |9 279933 |a BIBING |b BIBING |d 2019-11-19 |i 3295907 |o 363.739 WAL 1996 |p 3295907 |r 2025-01-20 |w 2019-11-19 |y BK |k EIB | ||